हिंदी साहित्य का इतिहास / (Record no. 201001)

MARC details
000 -LEADER
fixed length control field 01301nam a22002057a 4500
005 - DATE AND TIME OF LATEST TRANSACTION
control field 20240527113702.0
010 ## - LCCN (DPL NO)
LC control number B-758019-027 HIN-127720
020 ## - INTERNATIONAL STANDARD BOOK NUMBER
International Standard Book Number 9789393371072
Terms of availability 495.00
035 ## - SYSTEM CONTROL NUMBER
System control number B-758019-027
035 ## - SYSTEM CONTROL NUMBER
System control number HN-100066
037 ## - SOURCE OF ACQUISITION
Source of stock number/acquisition सुभद्रा पब्लिशर्स एंड डिस्ट्री.
082 ## - DEWEY DECIMAL CLASSIFICATION NUMBER
Classification number 820.9
100 ## - MAIN ENTRY--PERSONAL NAME
Personal name चन्द्र, रमेश
245 ## - TITLE STATEMENT
Title हिंदी साहित्य का इतिहास /
Statement of responsibility, etc रमेश चन्द्र
260 ## - PUBLICATION, DISTRIBUTION, ETC. (IMPRINT)
Place of publication, distribution, etc दिल्ली
Name of publisher, distributor, etc सुभद्रा पब्लिशर्स एंड डिस्ट्री.
Date of publication, distribution, etc 2022
270 ## - ADDRESS
Address डी-48, गलि नं. 3, दयालपुर,करावल नगर रोड,
City दिल्ली
Postal code 110032
300 ## - PHYSICAL DESCRIPTION
Extent 240 पृ॰
Other physical details 22सेमी (सजिल्द)
942 ## - ADDED ENTRY ELEMENTS (KOHA)
Source of classification or shelving scheme Dewey Decimal Classification
Item type Hindi Books
Classification part 820.9
Call number suffix चन्द्रर
Holdings
Withdrawn status Lost status Not for loan Collection code Home library Current library Date acquired Source of acquisition Cost, normal purchase price Full call number Barcode Copy number Cost, replacement price Koha item type
      Non-fiction Andrews Gunj Andrews Gunj 04/03/2024 सुभद्रा पब्लिशर्स एंड डिस्ट्री./813/18.1.24/152/9.1.24/25.124 495.00 820.9 चन्द्रर B-758023 1 495.00 Hindi Books
      Non-fiction Ashok Vihar Ashok Vihar 04/03/2024 सुभद्रा पब्लिशर्स एंड डिस्ट्री./813/18.1.24/152/9.1.24/25.124 495.00 820.9 चन्द्रर B-758020 1 495.00 Hindi Books
      Non-fiction Central Library Central Library 04/03/2024 सुभद्रा पब्लिशर्स एंड डिस्ट्री./813/18.1.24/152/9.1.24/25.124 495.00 820.9 चन्द्रर B-758019 1 495.00 Hindi Books
      Non-fiction Central Library Central Library 27/05/2024 DBAD 495.00 820.9 चन्द्रर HN-100066 1 495.00 Hindi Books
      Non-fiction Community Library Lodhi Road Community Library Lodhi Road 04/03/2024 सुभद्रा पब्लिशर्स एंड डिस्ट्री./813/18.1.24/152/9.1.24/25.124 495.00 820.9 चन्द्रर B-758027 1 495.00 Hindi Books
      Non-fiction RC3 Sangam Park RC3 Sangam Park 04/03/2024 सुभद्रा पब्लिशर्स एंड डिस्ट्री./813/18.1.24/152/9.1.24/25.124 495.00 820.9 चन्द्रर B-758026 1 495.00 Hindi Books
      Non-fiction Sarojini Nagar Sarojini Nagar 04/03/2024 सुभद्रा पब्लिशर्स एंड डिस्ट्री./813/18.1.24/152/9.1.24/25.124 495.00 820.9 चन्द्रर B-758022 1 495.00 Hindi Books
      Non-fiction Shahdara Branch Shahdara Branch 04/03/2024 सुभद्रा पब्लिशर्स एंड डिस्ट्री./813/18.1.24/152/9.1.24/25.124 495.00 820.9 चन्द्रर B-758025 1 495.00 Hindi Books
      Non-fiction Tri Nagar Tri Nagar 04/03/2024 सुभद्रा पब्लिशर्स एंड डिस्ट्री./813/18.1.24/152/9.1.24/25.124 495.00 820.9 चन्द्रर B-758021 1 495.00 Hindi Books
      Non-fiction Vinoba Puri Vinoba Puri 04/03/2024 सुभद्रा पब्लिशर्स एंड डिस्ट्री./813/18.1.24/152/9.1.24/25.124 495.00 820.9 चन्द्रर B-758024 1 495.00 Hindi Books

© Delhi Public Library
Hit Counter
free hit counter